Consumer Protection in the Slovak Republic and Protection of Air Passenger's Rights
Analýza právnej úpravy ochrany spotrebiteľa v Slovenskej republike podľa občianského zákonníka a zákona o ochrane spotrebiteľa a zákona o ochrane spotrebiteľa pri poskytovaní niektorých služieb cestovného ruchu.
Gespeichert in:
| 1. Verfasser: | |
|---|---|
| Weitere Verfasser: | , |
| Format: | Buchkapitel |
| Sprache: | Englisch |
| Schlagworte: | |
| Tags: |
Keine Tags, Fügen Sie das erste Tag hinzu!
|
MARC
| LEADER | 00000naa a2200000 4500 | ||
|---|---|---|---|
| 001 | 0250140 | ||
| 005 | 20240502074015.3 | ||
| 041 | 0 | |a eng | |
| 044 | |a SK | ||
| 245 | 1 | 0 | |a Consumer Protection in the Slovak Republic and Protection of Air Passenger's Rights |c Hana Magurová, Matej Horvat, Mária Srebalová |
| 520 | |a Analýza právnej úpravy ochrany spotrebiteľa v Slovenskej republike podľa občianského zákonníka a zákona o ochrane spotrebiteľa a zákona o ochrane spotrebiteľa pri poskytovaní niektorých služieb cestovného ruchu. | ||
| 610 | 2 | 0 | |a ruch cestovný |
| 610 | 2 | 0 | |a doprava letecká |
| 610 | 2 | 0 | |a ochrana spotrebiteľa |
| 610 | 2 | 0 | |a zákonník občiansky |
| 610 | 2 | 0 | |a úpravy právne |
| 100 | 1 | |a Magurová, Hana, 1986- | |
| 700 | 1 | |a Horvat, Matej | |
| 700 | 1 | |a Srebalová, Mária | |